大阪府の市区町村(1968年) - Statistics

General Stats
  • This quiz has been taken 29 times
  • The average score is 40 of 66
Answer Stats
コード 市区町村 備考 % Correct
27201 堺市 2006年政令指定
92%
27101 大阪市北区
81%
27227 東大阪市
77%
27111 大阪市浪速区
73%
27202 岸和田市
73%
27205 吹田市
73%
27223 門真市
73%
27102 大阪市都島区
69%
27104 大阪市此花区
69%
27106 大阪市西区
69%
27109 大阪市天王寺区
69%
27110 大阪市南区 1989年消滅
69%
27113 大阪市西淀川区
69%
27114 大阪市東淀川区
69%
27115 大阪市東成区
69%
27122 大阪市西成区
69%
27207 高槻市
69%
27209 守口市
69%
27210 枚方市
69%
27213 泉佐野市
69%
27215 寝屋川市
69%
27118 大阪市城東区
65%
27119 大阪市阿倍野区
65%
27120 大阪市住吉区
65%
27203 豊中市
65%
27204 池田市
65%
27211 茨木市
65%
27214 富田林市
65%
27224 摂津市
65%
27105 大阪市東区 1989年消滅
62%
27107 大阪市港区
62%
27108 大阪市大正区
62%
27117 大阪市旭区
62%
27208 貝塚市
62%
27212 八尾市
62%
27216 河内長野市
62%
27218 大東市
62%
27220 箕面市
62%
27116 大阪市生野区
58%
27121 大阪市東住吉区
58%
27206 泉大津市
58%
27219 和泉市
58%
27222 羽曳野市
58%
27226 藤井寺市
58%
27103 大阪市福島区
54%
27217 松原市
54%
27301 三島郡島本町
54%
27322 豊能郡能勢町
54%
27341 泉北郡忠岡町
54%
27361 泉南郡熊取町
54%
27382 南河内郡河南町
54%
27383 南河内郡千早赤阪村
54%
27385 南河内郡美原町 2005年消滅
54%
27221 柏原市
50%
27225 高石市
50%
27362 泉南郡田尻町
50%
27366 泉南郡岬町
50%
27381 南河内郡太子町
50%
27401 北河内郡交野町 1971年昇格
50%
27112 大阪市大淀区 1989年消滅
46%
27384 南河内郡狭山町 1987年昇格
46%
27363 泉南郡泉南町 1970年昇格
42%
27402 北河内郡四條畷町 1970年昇格
42%
27321 豊能郡東能勢村 1977年昇格
35%
27365 泉南郡東鳥取町 1972年消滅
27%
27364 泉南郡南海町 1972年消滅
19%
No matching quizzes found
Score Distribution
Percent of People with Each Score
Percentile by Number Answered
Your Score History
You have not taken this quiz